Manual de dibujo arquitectónico (Registro nro. 21592)

Detalles MARC
000 -Cabecera
Campo de control interno 00466nam a22001937a 4500
005 - Fecha y hora del registro
control field 20260320084639.0
008 - Elementos de Longitud Fija
fixed length control field 260320b |||||||| |||| 00| 0 spa d
041 ## - Idioma
Codigo Idioma ESP
082 ## - DEWEY y NOTACIÓN INTERNA
Dewey 720.284
Notación Interna CH554
100 ## - AUTOR
Autor denominación Ching, Francis D. K.
Término de relación autor
245 ## - TÍTULO DE MATERIAL BIBLIOGRÁFICO
Título Manual de dibujo arquitectónico
260 ## - CIUDAD, EDITORIAL, AÑO
Ciudad :
Nombre de la Editorial ,
Año 2016
300 ## - DESCRIPCIÓN
N° Páginas vi, 266 páginas :
Otros detalles ;
Dimensiones 30 cm.
440 ## - MENCIÓN DE SERIE
Título de la Serie ;
650 ## - TEMAS
Temas Artes Decorativas
700 ## - OTROS AUTORES
Otros autores ;
942 ## - ELEMENTOS DE KOHA
Tipo de documento Libro
Nombre del creador Justo Noguera
Código de catalogador Justo Noguera
Esquema de clasificación Dewey Decimal Classification
Existencias
Codigo completo Registro Colección Copia número Disponibilidad Tipo de préstamo Biblioteca Actual Procedencia (Biblioteca) Ubicacón Fecha Ingreso Tipo de Adquisición Date last seen Total checkouts Date last checked out Price effective from Tipo de Item Estado del Material Fuente de Clasificación Damaged status Withdrawn status
720.284 CH554 1069334 Universidad Católica San Pablo 1 Disponible Disponible Víctor Andrés Belaunde Víctor Andrés Belaunde Segundo piso 20/03/2026 Compra 22/04/2026 1 21/04/2026 20/03/2026 Libro Bueno Dewey Decimal Classification